The child : (Record no. 339)
[ view plain ]
| 000 -LEADER | |
|---|---|
| fixed length control field | 00983nam a2200289 a 4500 |
| 001 - CONTROL NUMBER | |
| control field | 1068485 |
| 005 - DATE AND TIME OF LATEST TRANSACTION | |
| control field | 20150605103428.0 |
| 008 - FIXED-LENGTH DATA ELEMENTS--GENERAL INFORMATION | |
| fixed length control field | 910710s1990 ke 000 0 eng |
| 010 ## - LIBRARY OF CONGRESS CONTROL NUMBER | |
| LC control number | 90980675 |
| 020 ## - INTERNATIONAL STANDARD BOOK NUMBER | |
| International Standard Book Number | 0195727231 |
| 040 ## - CATALOGING SOURCE | |
| Original cataloging agency | DLC |
| Transcribing agency | DLC |
| 043 ## - GEOGRAPHIC AREA CODE | |
| Geographic area code | f-ke--- |
| 050 00 - LIBRARY OF CONGRESS CALL NUMBER | |
| Classification number | KSK610 |
| Item number | .K33 1990 |
| 082 00 - DEWEY DECIMAL CLASSIFICATION NUMBER | |
| Classification number | 346.017 KAB |
| Edition number | 20 |
| 100 1# - MAIN ENTRY--PERSONAL NAME | |
| Personal name | Kabeberi, Janet W. |
| 9 (RLIN) | 1020 |
| 245 14 - TITLE STATEMENT | |
| Title | The child : |
| Remainder of title | custody, care, and maintenance / |
| Statement of responsibility, etc | Janet Kabeberi. |
| 260 ## - PUBLICATION, DISTRIBUTION, ETC. (IMPRINT) | |
| Place of publication, distribution, etc | Nairobi : |
| Name of publisher, distributor, etc | Oxford University Press, |
| Date of publication, distribution, etc | 1990. |
| 300 ## - PHYSICAL DESCRIPTION | |
| Extent | ix, 61 p. ; |
| Dimensions | 21 cm. |
| 440 #0 - SERIES STATEMENT/ADDED ENTRY--TITLE | |
| Title | You and the law |
| 9 (RLIN) | 969 |
| 650 #0 - SUBJECT ADDED ENTRY--TOPICAL TERM | |
| Topical term or geographic name as entry element | Parent and child (Law) |
| Geographic subdivision | Kenya. |
| 9 (RLIN) | 1021 |
| 650 #0 - SUBJECT ADDED ENTRY--TOPICAL TERM | |
| Topical term or geographic name as entry element | Children's rights |
| Geographic subdivision | Kenya. |
| 9 (RLIN) | 1022 |
| 650 #0 - SUBJECT ADDED ENTRY--TOPICAL TERM | |
| Topical term or geographic name as entry element | Children |
| General subdivision | Legal status, laws, etc. |
| Geographic subdivision | Kenya. |
| 9 (RLIN) | 1023 |
| 650 #0 - SUBJECT ADDED ENTRY--TOPICAL TERM | |
| Topical term or geographic name as entry element | Adoption |
| General subdivision | Law and legislation |
| Geographic subdivision | Kenya. |
| 9 (RLIN) | 1024 |
| 906 ## - LOCAL DATA ELEMENT F, LDF (RLIN) | |
| a | 7 |
| b | cbc |
| c | orignew |
| d | 2 |
| e | ncip |
| f | 19 |
| g | y-gencatlg |
| 942 ## - ADDED ENTRY ELEMENTS (KOHA) | |
| Source of classification or shelving scheme | Dewey Decimal Classification |
| Item type | Books |
| Withdrawn status | Lost status | Source of classification or shelving scheme | Damaged status | Not for loan | Home library | Current library | Shelving location | Date acquired | Total Checkouts | Full call number | Barcode | Date last seen | Price effective from | Koha item type |
|---|---|---|---|---|---|---|---|---|---|---|---|---|---|---|
| Dewey Decimal Classification | Law Development Centre Main Library | Law Development Centre Main Library | Text Books and Laws | 04/13/2011 | 346.017 KAB | 2011/2284 | 04/13/2011 | 04/13/2011 | Books |
